Sports Quiz

Random Sports or Baseball Quiz

MLB Top 10s Since 2000 Quiz Stats

 Plays Quiz Updated Jul 26, 2017

Challenge
Share
Tweet
Embed
Score 0/69 Timer 08:00
0 Plays Today
Year Player % Correct
2012 (AL)Miguel Cabrera
93.5%
2009 (AL)Miguel Cabrera
93.4%
2010 (AL)Miguel Cabrera
93.4%
2011 (AL)Miguel Cabrera
93.4%
2007 (NL)Miguel Cabrera
93.4%
2005 (NL)Miguel Cabrera
93.4%
2013 (AL)Miguel Cabrera
92.6%
2001 (AL)Alex Rodriguez
89.3%
2005 (AL)Alex Rodriguez
89.3%
2010 (NL)Albert Pujols
87.4%
2009 (NL)Albert Pujols
87.4%
2008 (NL)Albert Pujols
87.4%
2006 (NL)Albert Pujols
87.4%
2005 (NL)Albert Pujols
87.4%
2004 (NL)Albert Pujols
87.4%
2003 (NL)Albert Pujols
87.4%
2002 (NL)Albert Pujols
87.4%
2016 (AL)Miguel Cabrera
85.2%
2002 (NL)Barry Bonds
83.6%
2001 (NL)Barry Bonds
83.6%
2007 (AL)David Ortiz
79.5%
2013 (AL)David Ortiz
78.8%
2000 (AL)Manny Ramirez
77.8%
2016 (AL)David Ortiz
76.3%
2001 (NL)Sammy Sosa
72.3%
2010 (NL)Carlos González
71.7%
2001 (NL)Luis Gonzalez
71.7%
2001 (AL)Juan González
71.5%
2006 (NL)Ryan Howard
68.1%
2015 (NL)Bryce Harper
66.8%
2012 (NL)Ryan Braun
65.8%
2011 (NL)Ryan Braun
65.8%
2001 (NL)Todd Helton
60.2%
2000 (NL)Todd Helton
60.2%
2012 (AL)Adrián Beltré
53.8%
Year Player % Correct
2004 (NL)Adrian Beltre
53.8%
2000 (AL)Frank Thomas
53.8%
2014 (AL)Victor Martinez
53.6%
2000 (AL) Jason Giambi
53.2%
2001 (AL)Jason Giambi
53.2%
2002 (AL)Jason Giambi
53.2%
2011 (NL)Matt Kemp
51.1%
2010 (NL)Joey Votto
49.9%
2004 (AL)Vladimir Guerrero
47.6%
2005 (AL)Vladimir Guerrero
47.6%
2007 (AL)Vladimir Guerrero
47.6%
2002 (NL)Vladimir Guerrero
47.6%
2000 (NL)Vladimir Guerrero
47.6%
2010 (AL)Robinson Canó
47.6%
2008 (NL)David Wright
47.5%
2007 (NL) Matt Holliday
47.5%
2006 (NL)Lance Berkman
45.5%
2005 (NL)Derrek Lee
45.2%
2015 (NL)Paul Goldschmidt
42.5%
2000 (AL)Carlos Delgado
42.5%
2002 (AL)Miguel Tejada
42.3%
2010 (AL)Paul Konerko
40.8%
2003 (NL)Gary Sheffield
39.7%
2002 (NL)Jeff Kent
38.4%
2002 (AL)Magglio Ordóñez
36.2%
2007 (AL)Magglio Ordóñez
36.2%
2014 (AL)José Abreu
32.4%
2011 (AL)Jacoby Ellsbury
23.9%
2001 (AL)Bret Boone
21.8%
2005 (AL)Travis Hafner
21.1%
2003 (AL)Vernon Wells
20.5%
2003 (NL)Javy López
18.3%
2003 (AL)Aubrey Huff
6.6%
2011 (NL)Michael Morse
3.1%

You're not logged in!

Compare scores with friends on all Sporcle quizzes.
OR
Log In

You Might Also Like...

Show Comments

Extras

Top Quizzes Today


Score Distribution

Your Account Isn't Verified!

In order to create a playlist on Sporcle, you need to verify the email address you used during registration. Go to your Sporcle Settings to finish the process.

Report this User

Report this user for behavior that violates our Community Guidelines.

Details: